[Event "O Pohár mìsta Øíèany 2014 - OPEN A"]
[Site "Øíèany"]
[Date "2014.08.25"]
[Round "4.30"]
[White "Vorackova, Jarmila"]
[Black "Trochta, Vojtech"]
[Result "1-0"]
[WhiteElo "1936"]
[BlackElo "1744"]
[PlyCount "43"]

1. d4 Nf6 2. c4 d6 3. Nc3 g6 4. e4 Bg7 5. f4 O-O 6. Nf3 c5 7. d5 e6 8. Be2 exd5
9. exd5 Bf5 10. O-O Ne4 11. Nxe4 Bxe4 12. Ng5 Re8 13. Nxe4 Rxe4 14. Bd3 Re8 15.
f5 Nd7 16. Kh1 Ne5 17. Bf4 g5 18. Bxe5 Rxe5 19. f6 Bxf6 20. Qh5 Bg7 21. Bxh7+
Kf8 22. Qxf7# 1-0

[Event "O Pohár mìsta Øíèany 2014 - OPEN A"]
[Site "Øíèany"]
[Date "2014.08.25"]
[Round "4.31"]
[White "Kaiser, Rudolf"]
[Black "Korsa, Jiri"]
[Result "1/2-1/2"]
[WhiteElo "1925"]
[BlackElo "1695"]
[PlyCount "34"]

1. e4 e5 2. Nf3 Nc6 3. d4 exd4 4. c3 d5 5. exd5 Qxd5 6. cxd4 Bg4 7. Nc3 Bxf3 8.
Nxd5 Bxd1 9. Nxc7+ Kd7 10. Nxa8 Bh5 11. d5 Nd4 12. Bd3 Bg6 13. Bxg6 hxg6 14.
O-O Bd6 15. h3 Ne2+ 16. Kh1 Nxc1 17. Raxc1 Nf6 1/2-1/2

[Event "O Pohár mìsta Øíèany 2014 - OPEN A"]
[Site "Øíèany"]
[Date "2014.08.25"]
[Round "4.32"]
[White "Chromovsky, Hynek"]
[Black "Kalvach, Ladislav"]
[Result "1-0"]
[WhiteElo "1815"]
[BlackElo "1924"]
[PlyCount "81"]

1. c4 e5 2. Nc3 Nf6 3. e3 d5 4. cxd5 Nxd5 5. g3 Be6 6. Bg2 Nc6 7. Nge2 Be7 8.
a3 O-O 9. O-O Qd7 10. d4 Rad8 11. Nxd5 Bxd5 12. e4 Bc4 13. d5 Nd4 14. Re1 Nxe2+
15. Rxe2 Bxe2 16. Qxe2 Bc5 17. b4 Bd4 18. Bb2 Bxb2 19. Qxb2 Rfe8 20. Rc1 c6 21.
Rc5 cxd5 22. Rxd5 Qc7 23. h3 Re6 24. Rc5 Qb8 25. Bf3 b6 26. Rd5 Rxd5 27. exd5
Re8 28. Bd1 Qc7 29. Ba4 Re7 30. Bc6 Qd6 31. b5 e4 32. Qb4 Qf6 33. d6 Re5 34.
Qd4 e3 35. fxe3 Qg5 36. d7 Qxg3+ 37. Bg2 h5 38. d8=Q+ Kh7 39. Q8h4 Qxe3+ 40.
Qxe3 Rxe3 41. Be4+ 1-0

[Event "O Pohár mìsta Øíèany 2014 - OPEN A"]
[Site "Øíèany"]
[Date "2014.08.25"]
[Round "4.33"]
[White "Franek, Jan"]
[Black "Vorisek, Jakub"]
[Result "1-0"]
[WhiteElo "1921"]
[BlackElo "1616"]
[PlyCount "85"]

1. e4 d5 2. exd5 Nf6 3. d4 Nxd5 4. c4 Nb6 5. Nf3 g6 6. Be2 Bg7 7. O-O O-O 8.
Nc3 Nc6 9. Be3 Bg4 10. d5 Bxf3 11. gxf3 Ne5 12. Bd4 Nexc4 13. Bxg7 Kxg7 14.
Bxc4 Nxc4 15. Qd4+ e5 16. Qxc4 Qg5+ 17. Kh1 Qf5 18. Qe4 Qh5 19. Rae1 Rae8 20.
Qg4 Qh6 21. Rg1 f5 22. Qg5 Qxg5 23. Rxg5 e4 24. fxe4 Rxe4 25. Rxe4 fxe4 26.
Nxe4 Re8 27. f3 Rf8 28. Kg2 Rf5 29. Rxf5 gxf5 30. Nc5 Kf6 31. f4 c6 32. dxc6
bxc6 33. Kf3 Ke7 34. Ke3 Kd6 35. Kd4 h5 36. h4 a5 37. Nb7+ Kc7 38. Nxa5 Kb6 39.
Nxc6 Kxc6 40. Ke5 Kc5 41. Kxf5 Kd5 42. Kg5 Ke6 43. f5+ 1-0

[Event "O Pohár mìsta Øíèany 2014 - OPEN A"]
[Site "Øíèany"]
[Date "2014.08.25"]
[Round "4.34"]
[White "Sadil, Jan"]
[Black "Havelka, Jan"]
[Result "0-1"]
[WhiteElo "1722"]
[BlackElo "1891"]
[PlyCount "54"]

1. d4 e6 2. c4 Nf6 3. Nc3 c5 4. Nf3 cxd4 5. Nxd4 Nc6 6. Nxc6 bxc6 7. Bg5 Be7 8.
e3 Qa5 9. Bxf6 Bxf6 10. Qc2 Rb8 11. Rc1 Ba6 12. Bd3 d5 13. cxd5 Bxd3 14. Qxd3
cxd5 15. Qd2 O-O 16. O-O Rfc8 17. g3 Qb4 18. Rc2 Rc4 19. Rfc1 Rbc8 20. Kg2 h5
21. Qd3 h4 22. Qd2 Qc5 23. Qd3 h3+ 24. Kxh3 Qc6 25. f3 e5 26. Kg2 d4 27. exd4
exd4 0-1

[Event "O Pohár mìsta Øíèany 2014 - OPEN A"]
[Site "Øíèany"]
[Date "2014.08.25"]
[Round "4.35"]
[White "Vorsilka, Jiri"]
[Black "Grecny, Karol"]
[Result "1/2-1/2"]
[WhiteElo "1691"]
[BlackElo "1888"]
[PlyCount "81"]

1. e4 e6 2. d4 d5 3. Nc3 Bb4 4. e5 c5 5. Bd2 Bxc3 6. Bxc3 b6 7. Nf3 Ne7 8. Be2
Ng6 9. O-O Ba6 10. Bxa6 Nxa6 11. Qe2 Nc7 12. b4 c4 13. a4 a6 14. Nd2 Nf4 15.
Qg4 g5 16. g3 h5 17. Qd1 Ng6 18. Re1 b5 19. a5 Qe7 20. Nf1 O-O-O 21. Bd2 Rdg8
22. c3 g4 23. Qc1 Ne8 24. Bg5 Qf8 25. Qe3 Qg7 26. Bh4 Nxh4 27. gxh4 Qf8 28. Qg3
Qe7 29. Ne3 Ng7 30. Re2 Rf8 31. Rf1 Qd8 32. Kh1 f5 33. f4 gxf3 34. Rxf3 Rhg8
35. Qg5 Qd7 36. Ng2 Ne8 37. Qxh5 Rh8 38. Qg5 Rfg8 39. Qe3 Rg4 40. h3 Rg7 41.
Rg3 1/2-1/2

[Event "O Pohár mìsta Øíèany 2014 - OPEN A"]
[Site "Øíèany"]
[Date "2014.08.25"]
[Round "4.36"]
[White "Jandl, Vojtech"]
[Black "Helebrand, Frantisek"]
[Result "1-0"]
[WhiteElo "1881"]
[BlackElo "1546"]
[PlyCount "65"]

1. d4 d5 2. Nf3 Nf6 3. e3 e6 4. Bd3 c5 5. c3 Nc6 6. Nbd2 Bd6 7. O-O O-O 8. Re1
Bd7 9. dxc5 Bxc5 10. e4 dxe4 11. Nxe4 Nxe4 12. Bxe4 h6 13. Bf4 Qe7 14. b4 Nxb4
15. cxb4 Bxb4 16. Re2 Rfd8 17. Qb3 Bc6 18. Bxc6 bxc6 19. Ne5 Rac8 20. Rc1 Ba3
21. Rd1 Rxd1+ 22. Qxd1 Rd8 23. Rd2 Rxd2 24. Qxd2 Qb7 25. Qd8+ Bf8 26. Qd1 Qa6
27. Qd2 Qb5 28. h3 g5 29. Bg3 c5 30. Qd7 Qb1+ 31. Kh2 Qf5 32. Nc6 h5 33. Qd8
1-0

[Event "O Pohár mìsta Øíèany 2014 - OPEN A"]
[Site "Øíèany"]
[Date "2014.08.25"]
[Round "4.37"]
[White "Konvalinka, Vladislav"]
[Black "Polak, Jiri"]
[Result "1-0"]
[WhiteElo "1860"]
[BlackElo "1765"]
[PlyCount "53"]

1. d4 d6 2. c4 e5 3. d5 g6 4. e4 Nf6 5. Nc3 Bg7 6. f3 O-O 7. Be3 Nh5 8. Nge2 f5
9. exf5 gxf5 10. Qd2 Nd7 11. Bg5 Nhf6 12. Ng3 f4 13. Nf5 Bh8 14. Nh6+ Kg7 15.
Ng4 Kg8 16. g3 Qe8 17. Nh6+ Kg7 18. O-O-O Nh5 19. gxf4 exf4 20. Rg1 Ne5 21.
Bxf4+ Ng6 22. Re1 Qd8 23. Bg5 Nf6 24. h4 Re8 25. Ne4 Kf8 26. h5 Ne5 27. Qf4 1-0

[Event "O Pohár mìsta Øíèany 2014 - OPEN A"]
[Site "Øíèany"]
[Date "2014.08.25"]
[Round "4.38"]
[White "Zlamana, Anna"]
[Black "Paulovic, Milan"]
[Result "1/2-1/2"]
[WhiteElo "1565"]
[BlackElo "1855"]
[PlyCount "165"]

1. e4 Nf6 2. e5 Nd5 3. d4 d6 4. c4 Nb6 5. exd6 cxd6 6. d5 g6 7. Nc3 Bg7 8. h3
O-O 9. Nf3 a5 10. Be2 N8d7 11. O-O Ne5 12. Nxe5 Bxe5 13. f4 Bg7 14. Kh1 Bd7 15.
Qd3 a4 16. Rg1 Rc8 17. b3 axb3 18. axb3 Bxc3 19. Qxc3 Nxd5 20. Qd4 Nc7 21. Bb2
f6 22. g4 Ne6 23. Qe3 Ng7 24. Bd3 Bc6+ 25. Be4 Qd7 26. Kh2 Qe6 27. Rge1 Bxe4
28. Qxe4 Qxe4 29. Rxe4 Kf7 30. g5 f5 31. Bxg7 fxe4 32. Bxf8 Kxf8 33. Re1 b5 34.
Rxe4 b4 35. Kg3 Ra8 36. Kf3 Ra1 37. Re3 Kf7 38. Ke4 e6 39. Rd3 Ke7 40. Kd4 Rf1
41. Ke4 Re1+ 42. Re3 d5+ 43. cxd5 exd5+ 44. Kd4+ Rxe3 45. Kxe3 Ke6 46. Kd3 Kf5
47. Ke3 d4+ 48. Kxd4 Kxf4 49. Kc4 Kxg5 50. Kxb4 Kh4 51. Kc3 Kxh3 52. b4 g5 53.
b5 g4 54. b6 g3 55. b7 g2 56. b8=Q g1=Q 57. Qf8 h5 58. Qf5+ Qg4 59. Qf1+ Kh2
60. Kd3 h4 61. Kc3 Qg3+ 62. Kb4 h3 63. Qe2+ Kg1 64. Qd1+ Kg2 65. Qe2+ Qf2 66.
Qg4+ Kh2 67. Ka5 Qe3 68. Qd1 Kg3 69. Qd6+ Kg2 70. Qd5+ Kf2 71. Qf5+ Ke2 72.
Qg4+ Ke1 73. Qh4+ Kd2 74. Ka4 Kc2 75. Qh7+ Kb2 76. Qb7+ Kc2 77. Qh7+ Qd3 78.
Qc7+ Qc3 79. Qh7+ Kb2 80. Qb7+ Ka1 81. Qh1+ Kb2 82. Qb7+ Kc2 83. Qh7+ 1/2-1/2

[Event "O Pohár mìsta Øíèany 2014 - OPEN A"]
[Site "Øíèany"]
[Date "2014.08.25"]
[Round "4.39"]
[White "Palla, Ivan"]
[Black "Berg, Antonin"]
[Result "0-1"]
[WhiteElo "1536"]
[BlackElo "1853"]
[PlyCount "64"]

1. Nf3 d5 2. d4 Nf6 3. g3 e6 4. c4 dxc4 5. Qa4+ Nbd7 6. Bg2 a6 7. Qxc4 b5 8.
Qc2 c5 9. Ne5 Nd5 10. Nxd7 Qxd7 11. dxc5 Bb7 12. O-O Rc8 13. Qd2 Bxc5 14. e4
Nb4 15. Qxd7+ Kxd7 16. Na3 Ke7 17. Bd2 Nd3 18. Nc2 Bxf2+ 19. Rxf2 Nxf2 20. Bb4+
Kd7 21. Ne3 Nxe4 22. Rd1+ Kc7 23. Rd4 f5 24. g4 g6 25. Bxe4 Bxe4 26. Rd6 Kb7
27. Rxe6 Rhe8 28. Rd6 Rcd8 29. Rf6 Bc6 30. Kf2 fxg4 31. Nxg4 Rd4 32. Rf7+ Ka8
0-1

[Event "O Pohár mìsta Øíèany 2014 - OPEN A"]
[Site "Øíèany"]
[Date "2014.08.25"]
[Round "4.42"]
[White "Vystrcil, Martin"]
[Black "Chajda, Patrik"]
[Result "1-0"]
[WhiteElo "1803"]
[BlackElo "1335"]
[PlyCount "113"]

1. e4 e6 2. d4 d5 3. Nd2 Be7 4. c3 c5 5. e5 Nc6 6. Ndf3 Qb6 7. Ne2 Bd7 8. g3 f6
9. Bh3 cxd4 10. cxd4 Bb4+ 11. Kf1 fxe5 12. dxe5 Bc5 13. Nf4 Bxf2 14. Nxe6 Bxe6
15. Bxe6 Nge7 16. Kg2 h5 17. Rf1 Be3 18. Bxe3 Qxe3 19. Bxd5 Rd8 20. Bxc6+ Nxc6
21. Qe1 Qxe1 22. Raxe1 Nd4 23. Nxd4 Rxd4 24. Rc1 Rd2+ 25. Rf2 Rxf2+ 26. Kxf2
Ke7 27. Ke3 h4 28. g4 Rf8 29. h3 g5 30. Rd1 Ke6 31. Rd6+ Kxe5 32. Rg6 Re8 33.
Rxg5+ Kf6+ 34. Kf4 Re2 35. Rf5+ Kg6 36. Rb5 b6 37. Rb3 Re1 38. Re3 Ra1 39. a3
Rb1 40. Re6+ Kf7 41. Re2 Kg6 42. Re6+ Kf7 43. Rh6 Rxb2 44. Rxh4 Kg6 45. Rh5 Ra2
46. Rg5+ Kf6 47. Rf5+ Kg6 48. h4 Rxa3 49. h5+ Kg7 50. Kg5 Ra5 51. h6+ Kh7 52.
Kf6 Kxh6 53. Rxa5 bxa5 54. g5+ Kh5 55. g6 a4 56. g7 a3 57. g8=Q 1-0

[Event "O Pohár mìsta Øíèany 2014 - OPEN A"]
[Site "Øíèany"]
[Date "2014.08.25"]
[Round "4.43"]
[White "Pivonka, Michael"]
[Black "Lizner, Milan"]
[Result "1/2-1/2"]
[WhiteElo "1612"]
[BlackElo "1989"]
[PlyCount "53"]

1. d4 f5 2. Nf3 Nf6 3. c4 g6 4. Nc3 Bg7 5. Bf4 d6 6. Qd2 h6 7. h4 c6 8. g3 Na6
9. Bg2 Bd7 10. a3 Nc7 11. O-O Ne6 12. Be3 Ng4 13. Rfd1 Nxe3 14. Qxe3 O-O 15. d5
Nc7 16. Nd4 c5 17. Ne6 Nxe6 18. dxe6 Bc6 19. Bd5 Kh7 20. Rab1 Bd4 21. Qd3 Rb8
22. e3 {dale necitelne} a6 23. b4 cxb4 24. axb4 Bxc3 25. Qxc3 Bxd5 26. cxd5 Qc8
27. Qd3 1/2-1/2

[Event "O Pohár mìsta Øíèany 2014 - OPEN A"]
[Site "Øíèany"]
[Date "2014.08.25"]
[Round "4.44"]
[White "Lhotsky, Zdenek Ml."]
[Black "Jirousek, Filip"]
[Result "1/2-1/2"]
[WhiteElo "1601"]
[BlackElo "1778"]
[PlyCount "87"]

1. e4 c5 2. Nf3 Nc6 3. d4 cxd4 4. Nxd4 e5 5. Nb5 a6 6. N5a3 Nf6 7. Bg5 h6 8.
Bxf6 Qxf6 9. Nc3 Bb4 10. Nc4 d6 11. a3 Bc5 12. Qd2 b5 13. Ne3 Bxe3 14. Qxe3 Ne7
15. O-O-O Bb7 16. Qb6 Qf4+ 17. Kb1 Bxe4 18. Nxe4 Qxe4 19. Qxd6 Qg4 20. Be2 Qe6
21. Qxe6 fxe6 22. Rd6 Kf7 23. Rhd1 Nd5 24. c4 bxc4 25. Bxc4 Rhd8 26. Rxd8 Rxd8
27. Re1 Rd6 28. Rxe5 Kf6 29. Re1 Nc7 30. Kc2 Rc6 31. Kd3 Rd6+ 32. Ke2 Rc6 33.
b3 a5 34. a4 Rc5 35. Kd3 e5 36. Ke4 Ne8 37. Rd1 Ke7 38. Rd5 Nf6+ 39. Kxe5 Nxd5
40. Bxd5 Rc2 41. f4 Re2+ 42. Kd4 Kd6 43. Bf3 Rc2 44. Be4 1/2-1/2

[Event "O Pohár mìsta Øíèany 2014 - OPEN A"]
[Site "Øíèany"]
[Date "2014.08.25"]
[Round "4.45"]
[White "Zabehlicky, Jiri"]
[Black "Zizka, Petr"]
[Result "0-1"]
[WhiteElo "1585"]
[BlackElo "1624"]
[PlyCount "49"]

1. d4 Nf6 2. c4 g6 3. Nc3 Bg7 4. Nf3 O-O 5. Bf4 d6 6. e3 Bf5 7. Bd3 Bxd3 8.
Qxd3 c5 9. O-O Nc6 10. d5 Nb4 11. Qe2 Nh5 12. Bg3 Nxg3 13. hxg3 Qd7 14. a3 Bxc3
15. bxc3 Na6 16. Qb2 Rfb8 17. Rfb1 Qg4 18. Qe2 Nc7 19. Ra2 Ne8 20. Rab2 Qd7 21.
e4 f6 22. Nd2 Ng7 23. a4 Rd8 24. Ra2 Qc7 25. Qf3 {dale necitelne} 0-1

[Event "O Pohár mìsta Øíèany 2014 - OPEN A"]
[Site "Øíèany"]
[Date "2014.08.25"]
[Round "4.46"]
[White "Aubrecht, Petr"]
[Black "Skvaril, Michal"]
[Result "1/2-1/2"]
[WhiteElo "1539"]
[BlackElo "1730"]
[PlyCount "25"]

1. e4 e5 2. f4 Bc5 3. Nf3 d6 4. c3 Bb6 5. d4 exd4 6. cxd4 Nf6 7. Nc3 O-O 8. Bd3
Bg4 9. e5 dxe5 10. dxe5 Bxf3 11. Qxf3 Nfd7 12. Be3 Bxe3 13. Qxe3 1/2-1/2

[Event "O Pohár mìsta Øíèany 2014 - OPEN A"]
[Site "Øíèany"]
[Date "2014.08.25"]
[Round "4.47"]
[White "Zak, Jiri"]
[Black "Benes, Karel"]
[Result "1-0"]
[WhiteElo "1776"]
[BlackElo "1669"]
[PlyCount "61"]

1. d4 d5 2. c4 Nf6 3. Nf3 b6 4. cxd5 Qxd5 5. Nc3 Qd8 6. e3 e6 7. g3 Be7 8. Bg2
Bb7 9. O-O O-O 10. Qc2 c6 11. Ne5 Nd5 12. Bd2 f6 13. Nd3 Nd7 14. a3 f5 15. Rfe1
Rc8 16. Rac1 N5f6 17. Nf4 Kf7 18. Qb3 Nd5 19. Nce2 N7f6 20. Rc2 Qd7 21. Rec1 g5
22. Nd3 Bd6 23. Ne5+ Bxe5 24. dxe5 Ne4 25. Be1 c5 26. f3 f4 27. exf4 gxf4 28.
fxe4 Ne3 29. Rd2 Qc7 30. Nxf4 c4 31. Qxe3 1-0

[Event "O Pohár mìsta Øíèany 2014 - OPEN A"]
[Site "Øíèany"]
[Date "2014.08.25"]
[Round "4.48"]
[White "Vilimova, Julie"]
[Black "Cabart, Pavel"]
[Result "0-1"]
[WhiteElo "1635"]
[BlackElo "1713"]
[PlyCount "102"]

1. d4 Nf6 2. c4 e5 3. dxe5 Ng4 4. Nf3 Bc5 5. e3 Nc6 6. Bd2 O-O 7. Bc3 Re8 8.
Bd3 Ngxe5 9. Nxe5 Nxe5 10. Bxh7+ Kxh7 11. Qh5+ Kg8 12. Bxe5 d6 13. Bc3 Re4 14.
Nd2 Rh4 15. Qe2 Be6 16. O-O-O b5 17. g3 Bxc4 18. Nxc4 Rxc4 19. Kb1 a5 20. Qd3
Qe8 21. b3 Re4 22. Bb2 a4 23. Kc2 axb3+ 24. axb3 Bb6 25. Ra1 b4 26. h4 Qc6+ 27.
Kd2 Rxa1 28. Rxa1 d5 29. Rc1 Qe6 30. Ra1 f6 31. Rh1 c5 32. f3 c4 33. bxc4 Rxe3
34. Qxd5 Qxd5+ 35. cxd5 Rxf3 36. Re1 Kf7 37. d6 Bd8 38. d7 Be7 39. Ke2 Rxg3 40.
Rd1 Rg2+ 41. Kf3 Rxb2 42. d8=Q Bxd8 43. Rxd8 b3 44. Rb8 Rb1 45. Kg2 b2 46. Kh2
Kg6 47. Kg2 Kh5 48. Rb4 Rc1 49. Rxb2 Kxh4 50. Rb4+ Kh5 51. Kg3 Rc5 0-1